000 00400nam a22001577a 4500
005 20251119125215.0
082 _a510 ASO
100 _aAsokan K
_9861
100 _aHema V
_91109
245 _aMathematics for Computer and Information Science-3: Probability and Stochastic Processes
250 _a1
260 _aOwl Books
_bTrivandrum
_c2025
546 _aEnglish
650 _aAPS
_95
942 _cBK
999 _c38026
_d38026